| 000 | 00625nam a2200229Ia 4500 | ||
|---|---|---|---|
| 003 | OSt | ||
| 005 | 20220927105010.0 | ||
| 006 | a|||||r|||| 00| 0 | ||
| 007 | ta | ||
| 008 | 220926b |||||||| |||| 00| 0 eng d | ||
| 024 | _a152854 | ||
| 037 | _cReference Collections | ||
| 040 |
_aRTL _cRTL _beng |
||
| 041 |
_2eng _aeng |
||
| 082 | _a"z.2.N51t5:g, J2/GD" | ||
| 110 | _a"India, Planning Commission" | ||
| 245 | 0 | _aFirst five year plan | |
| 260 | _c1952 | ||
| 700 | _a"India, Planning Commission" | ||
| 942 |
_h"z.2.N51t5:g, J2/GD" _cCC |
||
| 999 |
_c690074 _d690074 |
||